[Event "IV Niterói Chess Open 2024"]
[Site "Rio de Janeiro"]
[Date "2024.09.01"]
[Round "7"]
[Board "10"]
[White "Da Silva, Lucas Pereira Mendes"]
[Black "Laba, Otavio De Souza"]
[Result "1-0"]
[WhiteElo "2088"]
[BlackElo "1918"]
[Annotator "Chessbase"]
[PlyCount "57"]
[EventDate "2024.08.28"]
[EventRounds "7"]
[EventCountry "BRA"]

1. e4 c5 2. Nf3 g6 3. d4 cxd4 4. Nxd4 Bg7 5. Nc3 Nc6 6. Be3 Nf6 7. Nb3 d6 8. Be2 O-O 9. f4 a5 10. a4 Nb4 11. Bf3 Be6 ({RR} 11... Ng4 12. Bg1 h5 13. h3 Nf6 14. Be3 Be6 15. Nd4 Bc4 16. b3 Ba6 17. Ncb5 Rc8 18. c3 Nc6 19. Kf2 e5 20. Nxc6 Rxc6 21. c4 exf4 22. Bxf4 Ne8 23. Ra2 Qf6 24. Qd2 Qe7 25. Re1 Be5 26. Nc3 {1-0 Cubas,J (2438)-Barbosa,O (2435) Dos Hermanas Internet qual-B 10th blitz 2009 (3)}) ({RR} 11... e6 12. Nb5 d5 13. e5 Nd7 14. c3 Nc6 15. O-O f6 16. exf6 Bxf6 17. Qe2 Nb6 18. Kh1 Nc4 19. Bc5 Be7 20. Bxe7 Qxe7 21. g3 Re8 22. Rfe1 Qd8 23. Rad1 Kf8 24. Qf2 b6 25. Nc1 Rb8 26. Nd3 {1-0 Avdic,M (2016)-Mrndjic,M (2234) BIH-chT 20th 2022 (8.1)}) 12. O-O Nd7 13. Nd4 $146 ({RR} 13. Rf2 Nb6 14. f5 Nc4 15. Bd4 {½-½ Lehmann,C-Chis,E Halle (Women) 09th 1975}) ({RR} 13. Rf2 Nb6 14. Bd4 Nxc2 15. Bxg7 Nxa1 16. Bxf8 Nxb3 17. Bh6 f6 18. Bg4 Bf7 19. f5 Nc5 20. h4 Nc4 21. Bf4 Ne5 22. fxg6 hxg6 23. Bxe5 dxe5 24. Rd2 Qb6 25. Kh2 Bb3 26. Qe2 Kg7 27. Qb5 Qxb5 {0-1 Klementev,O (2136)-Tiba,V (2008) UKR-ch Alushta 2010 (5)}) 13... Bc4 14. Rf2 Nb6 15. b3 e5 16. fxe5 dxe5 17. Ndb5 Bxb5 18. Qxd8 Rfxd8 19. Bxb6 Rdc8 20. Nxb5 Rc6 21. c3 Rxb6 22. cxb4 axb4 23. Rd1 Bh6 24. Rc2 Be3+ 25. Kf1 Raa6 26. Ke2 Bg5 27. Rd5 Rc6 28. Rdc5 Be7 29. R5c4 1-0

[Event "IV Niterói Chess Open 2024"]
[Site "Rio de Janeiro"]
[Date "2024.08.29"]
[Round "3"]
[Board "12"]
[White "Laba, Otavio De Souza"]
[Black "Rangel, Daniel"]
[Result "1/2-1/2"]
[WhiteElo "1918"]
[BlackElo "2198"]
[Annotator "Chessbase"]
[PlyCount "53"]
[EventDate "2024.08.28"]
[EventRounds "7"]
[EventCountry "BRA"]

1. e4 c5 2. Nf3 Nc6 3. d4 cxd4 4. Nxd4 Nf6 5. Nc3 g6 6. Bc4 Bg7 7. Be3 O-O 8. O-O d6 9. h3 Bd7 10. Qd2 Rc8 11. Bb3 Re8 12. f4 ({RR} 12. Nf3 a6 13. Bh6 Qa5 14. Bxg7 Kxg7 15. Rfe1 Red8 16. Qf4 Ne5 17. Nd5 Nxf3+ 18. Qxf3 Nxd5 19. exd5 Re8 20. Re4 Bf5 21. Re2 Rc7 22. Rae1 Bxc2 23. Bxc2 Rxc2 24. Rxc2 Qxe1+ 25. Kh2 b5 26. g3 Qe5 {½-½ Fedorov,A (2567)-Pasiev,R (2406) Chigorin Memorial 24th 2016 (6)}) ({RR} 12. Bh6 Bh8 13. Nf3 Na5 14. e5 dxe5 15. Nxe5 Nxb3 16. axb3 a6 17. Rfd1 Be6 18. Qe3 Qc7 19. Bf4 Qc5 20. Qd2 Nh5 21. Nf3 Bxc3 22. bxc3 Nxf4 23. Qxf4 Qxc3 24. Qe4 Qxc2 25. Qxb7 Qxb3 26. Qxa6 Bxh3 {0-1 Jancik,V (1246)-Kroulik,S (1251) CZE-chT U12 Jihlava 2022 (3.4)}) 12... Qa5 13. Nf3 Red8 14. f5 $146 ({RR} 14. Qf2 Be8 15. Rad1 b6 16. Qh4 Qh5 17. Qf2 h6 18. Nd2 Na5 19. Bd5 e6 20. Bb3 Nxb3 21. axb3 Bc6 22. Ra1 Rc7 23. Bd4 e5 24. Be3 exf4 25. Bxf4 Re7 26. Rfe1 g5 27. Bg3 Qg6 28. e5 dxe5 {0-1 Volpinari,D (2032)-Hoffman,A (2461) Seville op 31st 2006 (2)}) 14... Be8 15. Bh6 Ne5 16. Bxg7 Kxg7 17. Qf4 Qc5+ 18. Kh1 Nh5 19. Qh4 Nxf3 20. Rxf3 Nf6 21. Nd5 Nxd5 22. Bxd5 f6 23. fxg6 hxg6 24. Raf1 g5 25. Rg3 Bc6 26. Qf4 Qb4 27. c4 1/2-1/2

[Event "IV Niterói Chess Open 2024"]
[Site "Rio de Janeiro"]
[Date "2024.09.01"]
[Round "7"]
[Board "52"]
[White "Serrao, Carlos Frederico Pacheco"]
[Black "De Oliveira, Tobias Luiz Carvalho"]
[Result "1/2-1/2"]
[WhiteElo "1509"]
[BlackElo "1731"]
[Annotator "Chessbase"]
[PlyCount "31"]
[EventDate "2024.08.28"]
[EventRounds "7"]
[EventCountry "BRA"]

1. e4 c5 2. Nf3 Nc6 3. d4 cxd4 4. Nxd4 g6 5. Nc3 Bg7 6. Be3 Nf6 7. Be2 O-O 8. O-O d6 9. Qd2 Bd7 10. f3 a6 11. Rfd1 ({RR} 11. Nb3 Rc8 12. f4 Na5 13. Bd4 Nc4 14. Bxc4 Rxc4 15. Rae1 Bc6 16. h3 b5 17. Qd3 Ba8 18. a3 Qc7 19. Qe3 Rc8 20. Re2 e5 21. Bb6 Qb8 22. Nd2 R4c6 23. Ba5 Bh6 24. g3 Re8 25. Qd3 exf4 {0-1 Costa,F (2213)-Stamenkovic,D (2334) Vitoria Espirito Sancto 1st 2006 (7)}) 11... b5 ({RR} 11... Rc8 12. Bf1 Ne5 13. b3 Qc7 14. Nce2 b5 15. Rac1 Rfd8 16. Nf4 Nc6 17. Nxc6 Bxc6 18. c4 Qb7 19. cxb5 Bxb5 20. Rxc8 Rxc8 21. Rc1 Bxf1 22. Rxc8+ Qxc8 23. Kxf1 Nd7 24. Nd5 Qd8 25. Qc2 Ne5 26. Qc7 {1-0 Gempe,A (1968)-Orlova,L (2014) BL2 Ost 1819 (Women) 2018 (6.4)}) 12. Nxc6 $146 ({RR} 12. a3 Rc8 13. Rac1 Ne5 14. Nb3 Nc4 15. Bxc4 Rxc4 16. Ne2 Qb8 17. c3 Rfc8 18. Nf4 Qc7 19. Qc2 Rb8 20. Nd3 a5 21. Nd2 Rc6 22. Qb1 Be8 23. Rc2 Rc8 24. Rdc1 d5 25. e5 Nd7 26. f4 f6 {0-1 Dzurjaninova,H (1529)-Gazikova,V (1917) SVK-ch U14 Girls 2012 (2)}) 12... Bxc6 13. a3 Rb8 14. Bh6 Qc7 15. Bxg7 Kxg7 16. Rac1 1/2-1/2

[Event "IV Niterói Chess Open 2024"]
[Site "Rio de Janeiro"]
[Date "2024.08.30"]
[Round "4"]
[Board "50"]
[White "Videira, Matheus Martins"]
[Black "Araujo, Barbara Ribeiro"]
[Result "1/2-1/2"]
[WhiteElo "1830"]
[BlackElo "1781"]
[Annotator "Chessbase"]
[PlyCount "108"]
[EventDate "2024.08.28"]
[EventRounds "7"]
[EventCountry "BRA"]

1. e4 c5 2. Nc3 g6 3. Nf3 Bg7 4. d4 cxd4 5. Nxd4 Nc6 6. Be3 Nf6 7. Be2 O-O 8. O-O d5 9. exd5 Nxd5 10. Nxc6 bxc6 11. Nxd5 Qxd5 ({RR} 11... cxd5 12. c3 e5 13. Bb5 Bb7 14. Bc5 Qc7 15. Bxf8 Bxf8 {½-½ Maras,A (2079)-Saric,A (2539) Split op 8th 2018 (2)}) ({RR} 11... cxd5 12. c3 a5 13. Qd2 Rb8 14. Rad1 Be6 15. Bc5 Qd7 16. b4 Rfc8 17. Bf3 Qa4 18. Bxd5 axb4 19. Bxe6 bxc3 20. Qd5 fxe6 21. Qxe6+ Kh8 22. Be3 c2 23. Rc1 Bf6 24. h3 Qc4 25. Qd7 Qxa2 26. Qg4 {0-1 Caku,K (1796)-Roberson,P (2426) Titled Tue 16th Apr Early 2024 (1)}) 12. Qxd5 cxd5 13. Rad1 $146 ({RR} 13. c3 Rb8 14. Rab1 Bf5 15. Rbc1 Rxb2 16. Bf3 e6 17. Bxa7 Rxa2 18. Bd4 Rc8 19. Ra1 Rxa1 20. Rxa1 e5 21. Be3 e4 22. Be2 Bxc3 23. Rc1 d4 24. Bh6 d3 25. Bd1 e3 26. Bxe3 d2 27. Rxc3 Rxc3 {0-1 Zhao,D (1487)-Knox,C (1995) CAN-ch U10 Ottawa 2007 (3)}) ({RR} 13. Rab1 e5 14. Rfe1 d4 15. Bd2 f5 16. Bc4+ Kh8 17. c3 e4 18. cxd4 Bxd4 19. Rec1 Rd8 20. Bc3 Bxc3 21. Rxc3 Rb8 22. a3 Rb6 23. h3 Kg7 24. Rb3 Rc6 25. Bf1 Rc2 26. Rc3 Rxc3 27. bxc3 f4 {1-0 Le,C-Nguyen,T ASEAN-ch U08 13th 2012 (4)}) ({RR} 13. c3) 13... Bxb2 14. Rxd5 Be6 15. Rb5 Bf6 16. Ra5 Rfd8 17. Rxa7 Rxa7 18. Bxa7 Ra8 19. Be3 Rxa2 20. Bd3 Bc3 21. Rb1 f5 22. Bg5 Kf7 23. h3 Ra7 24. Rb5 Bg7 25. Kf1 h6 26. Bd2 Bd7 27. Bc4+ e6 28. Rb3 Rc7 29. Bd3 Ba4 30. Ba5 Rd7 31. Ra3 Bc6 32. Bb6 Be5 33. Ra7 Rxa7 34. Bxa7 Bc3 35. Be3 g5 36. f3 Kf6 37. Ke2 h5 38. g3 g4 39. hxg4 hxg4 40. fxg4 fxg4 41. Bd2 Bf3+ 42. Ke3 Be5 43. Be1 Bd6 44. Be2 Bc5+ 45. Kd3 Kf5 46. Kd2 e5 47. Bd3+ e4 48. Bf1 Bg1 49. Bb5 Ke5 50. c3 Kd5 51. Kc2 Kc5 52. Ba6 Kd5 53. Kd2 Bc5 54. Bb5 Bg1 1/2-1/2

[Event "IV Niterói Chess Open 2024"]
[Site "Rio de Janeiro"]
[Date "2024.08.29"]
[Round "3"]
[Board "21"]
[White "Rodrigues Mota, Romulo Cardoso S"]
[Black "Hubner, Jessica Trindade"]
[Result "1-0"]
[WhiteElo "2110"]
[BlackElo "1845"]
[Annotator "Chessbase"]
[PlyCount "55"]
[EventDate "2024.08.28"]
[EventRounds "7"]
[EventCountry "BRA"]

1. e4 c5 2. Nf3 Nc6 3. d4 cxd4 4. Nxd4 g6 5. Be3 Bg7 6. Nc3 Nf6 7. Bc4 O-O 8. Bb3 d6 9. f3 Bd7 10. Qd2 Nxd4 11. Bxd4 b5 12. h4 e6 ({RR} 12... a6 13. a4 b4 14. Nd5 Nxd5 15. Bxg7 Kxg7 16. Bxd5 Rc8 17. h5 Rh8 18. Bb3 Qb6 19. O-O-O Be6 20. Kb1 Qc5 21. Bd5 Bxd5 22. exd5 gxh5 23. Rxh5 Kf8 24. Rdh1 Ke8 25. Rxh7 Rxh7 26. Rxh7 Qg1+ 27. Ka2 {1-0 Guseinov,G (2634)-Al Modiahki,M (2567) Moscow Aeroflot op-A 11th 2012 (6)}) ({RR} 12... h5 13. Nd5 Nxd5 14. Bxg7 Kxg7 15. Bxd5 Rc8 16. g4 e6 17. Bb3 a5 18. a3 a4 19. Ba2 Qc7 20. O-O-O Rh8 21. Kb1 d5 22. exd5 exd5 23. Bxd5 Rcd8 24. Qd4+ f6 25. g5 Qe5 26. gxf6+ Kxf6 27. Qb6+ {1-0 Paiva,H (2064)-Vila Dupla,A (2042) Titled Tue 30th Apr Late 2024 (9)}) 13. h5 b4 14. Ne2 $146 ({RR} 14. Na4 Bxa4 15. Bxa4 e5 16. Be3 Nxh5 17. O-O-O Nf4 18. Kb1 d5 19. exd5 Qf6 20. Bc6 a5 21. Bxa8 Rxa8 22. g3 Nh5 23. d6 e4 24. Bd4 Qxd6 25. Qe3 Rd8 26. c3 bxc3 27. Bxg7 Qxd1+ 28. Rxd1 Rxd1+ {1-0 Kupreichik,V (2421)-Zhelnin,V (2477) Tula Suetin Memorial op 2002 (6)}) 14... a5 15. hxg6 hxg6 16. Be3 Qc7 17. Bh6 Bh8 18. Qg5 Rfc8 19. Qh4 Ne8 20. Qe7 Ng7 21. Qh4 Ne8 22. Qe7 Ng7 23. Bf4 Ne8 24. Rxh8+ Kxh8 25. Qf8+ Kh7 26. O-O-O Ng7 27. Rh1+ Nh5 28. Qxf7+ 1-0

[Event "IV Niterói Chess Open 2024"]
[Site "Rio de Janeiro"]
[Date "2024.08.29"]
[Round "3"]
[Board "43"]
[White "Soares, Bruno Marins"]
[Black "Nascimento, Luiz Eduardo Da Trindade"]
[Result "0-1"]
[WhiteElo "1800"]
[BlackElo "1872"]
[Annotator "Chessbase"]
[PlyCount "44"]
[EventDate "2024.08.28"]
[EventRounds "7"]
[EventCountry "BRA"]

1. e4 c5 2. Nf3 d6 3. d4 cxd4 4. Nxd4 Nf6 5. Nc3 a6 6. Be3 e6 7. f3 Be7 8. Bd3 O-O ({RR} 8... Qc7 9. O-O Nc6 10. Kh1 Bd7 11. Qe1 h5 12. Nde2 Ne5 13. Bg1 b5 14. a3 Bc6 15. f4 Ned7 16. Nd4 Bb7 17. Rd1 h4 18. h3 Nh5 19. Bh2 Qc5 20. Be2 Nb6 21. Nb3 Qc7 22. Na5 Rd8 23. Nxb7 {1-0 Saltaev,M (2526)-Sarbok,T (2324) Dortmund op-A 2001 (4)}) ({RR} 8... Nc6 9. Qd2 Bd7 10. g4 Nxd4 11. Bxd4 e5 12. Be3 Be6 13. g5 Nd7 14. Nd5 Rc8 15. Nxe7 Qxe7 16. c4 O-O 17. b3 Nc5 18. Be2 f5 19. gxf6 Qxf6 20. O-O-O Rc6 21. Kb1 b5 22. cxb5 axb5 23. Qb4 {0-1 Kecskemeti,A (2193)-Gaivoronskii,A (1904) TCh-SRB Druga 2023 (3.6)}) 9. Qd2 b5 10. Nce2 Bb7 $146 ({RR} 10... Bd7 11. g4 Nc6 12. g5 Ne8 13. f4 e5 14. Nf5 Bxf5 15. exf5 d5 16. c3 d4 17. Be4 dxe3 18. Qxd8 Rxd8 19. Bxc6 exf4 20. f6 gxf6 21. gxf6 Bxf6 22. Nxf4 Rd2 23. Rg1+ Kh8 24. Rg2 Bh4+ 25. Kf1 {0-1 Gusev,B (1734)-Kondratiev,D (1960) Chigorin Memorial 19th 2011 (3)}) 11. Ng3 Nbd7 12. h4 d5 13. c3 Bd6 14. Kf2 Bxg3+ 15. Kxg3 dxe4 16. Bc2 Ne5 17. Kf2 exf3 18. Nxf3 Neg4+ 19. Ke2 Qc7 20. Bf4 e5 21. Bh2 Rad8 22. Qe1 Qc4+ 0-1

[Event "IV Niterói Chess Open 2024"]
[Site "Rio de Janeiro"]
[Date "2024.08.29"]
[Round "3"]
[Board "20"]
[White "Dos Santos, Leonardo Lopes"]
[Black "Guimaraes, Wagner Peixoto"]
[Result "1/2-1/2"]
[WhiteElo "1860"]
[BlackElo "2119"]
[Annotator "Chessbase"]
[PlyCount "55"]
[EventDate "2024.08.28"]
[EventRounds "7"]
[EventCountry "BRA"]

1. e4 c5 2. Nf3 e6 3. Nc3 Nc6 4. Be2 d6 5. d4 cxd4 6. Nxd4 Nf6 7. O-O a6 8. Be3 Be7 9. h3 ({RR} 9. a4 Bd7 10. f4 Nxd4 11. Bxd4 Bc6 12. Qd3 O-O 13. a5 Nd7 14. f5 Bf6 15. fxe6 fxe6 16. Bxf6 Nxf6 17. Rad1 Qe8 18. Qxd6 Nxe4 19. Nxe4 Bxe4 20. Bc4 Rf6 21. Rd2 Qg6 22. Re1 Raf8 23. Rde2 Qf5 {1-0 Kruppa,Y (2545)-Muhutdinov,M (2490) Werfen op-A 1994}) 9... Qc7 ({RR} 9... O-O 10. Qd2 Bd7 11. Rfe1 Rc8 12. Rad1 Nxd4 13. Bxd4 d5 14. exd5 Nxd5 15. Nxd5 exd5 16. Be3 Be6 17. Bd4 Bf6 18. Bxf6 Qxf6 19. Bd3 Qxb2 20. Qf4 Qxa2 21. Qh4 h6 22. Re3 Qb2 23. Rg3 f5 24. Qxh6 {1-0 Sekyra,V (1018)-Hlavicka,R CZE-ch Betsys Online Blitz 2021 (12)}) 10. a4 O-O 11. f4 $146 ({RR} 11. Nb3 b6 12. f4 Re8 13. g4 Bf8 14. Bf3 Bb7 15. Qd2 Rab8 16. Qf2 Ba8 17. Nd4 Nxd4 18. Bxd4 e5 19. fxe5 dxe5 20. Be3 Bc5 21. Bxc5 Qxc5 22. Qxc5 bxc5 23. g5 Nd7 24. Rfd1 Nf8 25. b3 Ne6 {0-1 Koker,T (1785)-Kanmazalp,O (2443) Manavgat Turkey Cup 2016 (1)}) 11... Bd7 12. Qe1 Nxd4 13. Bxd4 Bc6 14. Qg3 g6 15. Bf3 b5 16. axb5 axb5 17. e5 dxe5 18. Bxe5 Qb6+ 19. Kh2 b4 20. Ne2 Rxa1 21. Rxa1 Bxf3 22. Qxf3 Nd5 23. c3 Rc8 24. cxb4 Nxb4 25. Ra8 Rxa8 26. Qxa8+ Qd8 27. Qxd8+ Bxd8 28. g3 1/2-1/2

[Event "IV Niterói Chess Open 2024"]
[Site "Rio de Janeiro"]
[Date "2024.08.29"]
[Round "3"]
[Board "33"]
[White "Andrade, Roberto Luiz Costa"]
[Black "Oliveira, Olavo Tadeu Carvalho"]
[Result "1/2-1/2"]
[WhiteElo "1945"]
[BlackElo "1751"]
[Annotator "Chessbase"]
[PlyCount "76"]
[EventDate "2024.08.28"]
[EventRounds "7"]
[EventCountry "BRA"]

1. e4 c5 2. Nf3 e6 3. d4 cxd4 4. Nxd4 a6 5. Be2 Qc7 6. O-O Nf6 7. Nc3 Be7 8. Be3 O-O 9. f4 d6 10. Qd2 Nc6 11. Rae1 Nxd4 ({RR} 11... Rd8 12. f5 Nxd4 13. Bxd4 e5 14. Be3 b5 15. a3 Bb7 16. Bf3 Rac8 17. Re2 Qc4 18. Bg5 h6 19. Bh4 d5 20. exd5 Qxh4 21. Rd1 Bc5+ 22. Kh1 Bd4 23. Ne4 Bxd5 24. Nxf6+ Qxf6 25. Bxd5 Rxd5 26. c3 {0-1 Golsta,M (1982)-Bauer,T (2205) Titled Tuesday intern op 08th Feb Early blitz 2022 (11)}) 12. Bxd4 b5 $146 ({RR} 12... e5 13. Be3 b5 14. a3 Bb7 15. Bf3 Rac8 16. Qd3 Bc6 17. Rf2 Qb7 18. Bc1 Rfe8 19. Rfe2 a5 20. Nd5 Bxd5 21. exd5 Nd7 22. Kh1 Bh4 23. g3 Bf6 24. b4 axb4 25. axb4 Rc4 26. Re4 Rec8 27. Rxc4 {1-0 Mendeiros,J (2198)-Dourerassou,J (2155) Noisy le Grand op 2003 (6)}) ({RR} 12... e5 13. Be3 Be6 14. f5 Bc4 15. Bxc4 Qxc4 16. b3 Qc7 17. Bg5 Rac8 18. Bxf6 Bxf6 19. Nd5 Qc5+ 20. Kh1 Kh8 21. c4 Rg8 22. Rf3 Bd8 23. Rh3 f6 24. Qe2 g6 25. fxg6 Rxg6 26. Qh5 Rg7 27. Qe8+ {1-0 Kramer,G-Estenger,O US Open-73 Atlantic City 1972 (5)}) 13. a3 Bb7 14. Bf3 Rfd8 15. Qf2 Nd7 16. Qg3 Bf6 17. Bxf6 Nxf6 18. e5 dxe5 19. fxe5 Nd5 20. Ne4 Rab8 21. Ng5 Rf8 22. Rf2 Ne7 23. Bg4 Bd5 24. h4 h6 25. Nh3 Ng6 26. h5 Ne7 27. Nf4 Qc6 28. Kh2 Rb7 29. Re3 Rc7 30. Qh3 Qb6 31. Rd2 Qc6 32. b3 Qb6 33. Red3 Re8 34. Qg3 Rf8 35. Re2 Qb7 36. Bh3 Rfc8 37. Qf2 Rc3 38. Ree3 Qc6 1/2-1/2

[Event "IV Niterói Chess Open 2024"]
[Site "Rio de Janeiro"]
[Date "2024.09.01"]
[Round "7"]
[Board "45"]
[White "Nascimento, Bianca Alencar De S."]
[Black "Lourenco, Valerio Dos Santos"]
[Result "1-0"]
[WhiteElo "1621"]
[BlackElo "1731"]
[Annotator "Chessbase"]
[PlyCount "65"]
[EventDate "2024.08.28"]
[EventRounds "7"]
[EventCountry "BRA"]

1. e4 c5 2. Nf3 d6 3. d4 cxd4 4. Nxd4 Nf6 5. Nc3 a6 6. Be3 e5 7. Nb3 b5 8. f3 ({RR} 8. a4 b4 9. Nd5 Nc6 10. Bb6 Qd7 11. Nc7+ Ke7 12. Nxa8 Nxe4 13. Nc7 Qf5 14. Nd5+ Ke6 15. Bd3 Qg6 16. O-O f5 17. Bc4 Kd7 18. f3 Ng5 19. Kh1 Bb7 20. Qd2 Ne6 21. Rad1 Kc8 22. c3 bxc3 {1-0 Sarana,A (2649)-Savchenko,B (2552) Titled Arena 2nd Jan blitz 2021}) 8... Bb7 ({RR} 8... Be7 9. Qd2 Be6 10. Nd5 Nxd5 11. exd5 Bf5 12. O-O-O Nd7 13. g4 Bg6 14. Na5 Rc8 15. Nc6 Qc7 16. Bd3 Bxd3 17. Qxd3 Nb8 18. Nxe7 Kxe7 19. f4 Nd7 20. Rd2 Qa5 21. Kb1 Rc4 22. b3 Rb8 23. Qf5 {½-½ Luthardt,C (1616)-Lehmann,G Reinstorf op 2022 (3)}) 9. Qd2 Be7 10. g4 $146 ({RR} 10. O-O-O O-O 11. g3 Nbd7 12. Bh3 Rc8 13. Kb1 Qc7 14. Bg5 Rcd8 15. Qd3 h6 16. Be3 Nc5 17. Nxc5 dxc5 18. Qe2 c4 19. Rxd8 Rxd8 20. Rd1 {½-½ Weihe,R (1549)-Apol,L (1255) FAI-chT3 1516 2015 (4.4)}) ({RR} 10. h4 O-O 11. g4 b4 12. Na4 Nbd7 13. Qxb4 Rb8 14. Qd2 Bxe4 15. fxe4 Nxe4 16. Qh2 Ndf6 17. Qh3 Nd5 18. O-O-O Nb4 19. Kb1 Qd7 20. Nac5 Qc7 21. a3 dxc5 22. axb4 c4 23. Na5 Rxb4 24. Nxc4 Rxc4 {1-0 Zandonai Ignacio,A (1838)-Maio Guedes,L (1807) Brasilia FBX op 2015 (3)}) ({RR} 10. O-O-O Nbd7 11. g4 h6 12. Rg1 Rc8 13. Kb1 b4 14. Nd5 Nxd5 15. exd5 Nf6 16. g5 hxg5 17. Bxg5 Nxd5 18. Bxe7 Qxe7 19. Na5 Ba8 20. Bxa6 Rb8 21. Nb3 Qc7 22. Rxg7 Nf4 23. Rg3 Ke7 24. Re1 Kf8 {0-1 Jonas,R (1734)-Iking,B (1792) Muensterland Verbandsklasse 1314 2013 (8.6)}) 10... h5 11. g5 Nh7 12. h4 O-O 13. O-O-O Nc6 14. Nd5 Rb8 15. Be2 g6 16. f4 exf4 17. Bxf4 Ne5 18. Qe1 Bxd5 19. Rxd5 Qc7 20. Qd1 Rfc8 21. Bxe5 dxe5 22. Rd7 Bxg5+ 23. hxg5 Qc6 24. Rg1 Qxe4 25. Bf3 Qf4+ 26. Kb1 Nxg5 27. Bxh5 Kg7 28. Rf1 Qh4 29. Bxg6 Kxg6 30. Qd6+ Ne6 31. Rdxf7 Qc4 32. R1f6+ Kg5 33. Qxe5+ 1-0

[Event "IV Niterói Chess Open 2024"]
[Site "Rio de Janeiro"]
[Date "2024.08.28"]
[Round "1"]
[Board "62"]
[White "Dos Santos, Jackson De Souza Teles"]
[Black "Dos Santos, Thiago L Verbicario"]
[Result "1-0"]
[WhiteElo "1773"]
[BlackElo "1897"]
[Annotator "Chessbase"]
[PlyCount "85"]
[EventDate "2024.08.28"]
[EventRounds "7"]
[EventCountry "BRA"]

1. e4 {ChessBase Pavlovic,Milos} c5 2. Nf3 d6 3. d4 cxd4 4. Nxd4 Nf6 5. Nc3 a6 6. f3 e5 7. Nb3 Be6 8. Be3 Be7 9. Qd2 O-O 10. O-O-O Nbd7 11. g4 b5 12. g5 b4 13. Ne2 Ne8 14. f4 a5 15. f5 a4 16. fxe6 axb3 17. cxb3 fxe6 18. Bh3 Rxa2 19. Bxe6+ Kh8 20. Qxb4 $146 ({RR} 20. Ng3 Nc7 21. Bc4 Qa8 22. Rhf1 Rxf1 23. Rxf1 Ra1+ 24. Kc2 Rxf1 25. Bxf1 d5 26. Qf2 ({RR} 26. exd5 Nxd5 27. h4 Nc5 ({RR} 27... Nxe3+ 28. Qxe3 Qd5 29. Bc4 Qg2+ 30. Kb1 g6 ({RR} 30... Bc5 31. Qd3 Bd4 32. Ne2 Nc5 33. Qf5 Qe4+ 34. Qxe4 Nxe4 35. Nxd4 exd4 36. Kc2 Nc5 37. h5) 31. Ne4 Qg4 32. Ka2) 28. Bf2 Ne6 29. Bc4 Ndf4) ({RR} 26. Qf2 Qc6+ ({RR} 26... d4 27. Bd2 Qe8 28. Bc4 g6 29. Qf7 Qxf7 30. Bxf7 Kg7 31. Bc4) 27. Kb1 d4 28. Bd2 g6 29. h4 Nb6 30. Qe1 Qd6 31. Nh1 Ne6 32. Nf2 Nf4 33. Ng4) 26... g6 ({RR} 26... Qc6+ 27. Kb1 d4 28. Bd2) 27. h4 Qf8 28. Qxf8+ Nxf8 29. exd5 Nxd5 30. Bf2 Ne6 31. Kd3 h6 32. Ke4 Ndf4 33. Kxe5 hxg5 34. Bc4 gxh4 {1-0 Barski,R (2402)-Borovikov,V (2553) Paleochora op 10th 2017 (4)}) ({RR} 20. Ng3 Nc7 21. Bc4 Qa8 22. Rhf1 Rxf1 23. Rxf1 Ra1+ 24. Kc2 Rxf1 25. Bxf1 d5 26. h4 d4 27. Bg1 Ne6 28. Qe2 ({RR} 28. Kb1 Ndc5 29. Qxb4 Bd6 30. Qc4 Nf4 31. Qf7 Nxe4 32. Nxe4 Qxe4+ 33. Ka2 Qa8+ 34. Kb1 Qg8 35. Qb7) 28... Ndc5 29. Qc4 Nf4 ({RR} 29... h6 30. gxh6 Bxh4 31. hxg7+ Kxg7 32. Nf5+ Kf6) 30. Qf7 Qf8 31. Qc4 ({RR} 31. Qxf8+ Bxf8 32. Bh2 g6) 31... g6 32. Bf2 Ne2 33. Nh1 d3+ 34. Kd1 Qf3 {0-1 Caruana,F (2774)-Gelfand,B (2755) Moscow Tal Memorial 8th 2013 (2)}) ({RR} 20. Ng3 Nc7 21. Bc4 Qa8 22. Rhf1 Ra1+ 23. Kc2 Rxf1 24. Rxf1 Rxf1 25. Bxf1 d5 26. Qf2 d4 27. Bd2 Qf8 28. Qg2 g6 29. h4 Ne6 30. Qh3 Ndc5 31. Bc4 d3+ 32. Kb1 Nd4 33. Bxb4 Ndxb3 34. Bxb3 Nxb3 {½-½ Maldonado Gonzales,S (2245)-Laneve,G (2004) 15th Dolomiti Open 2024 (6.5)}) ({RR} 20. Ng3 Nc7 21. Bc4 Qa8 22. Rhf1 Rxf1 23. Rxf1 Ra1+ 24. Kc2 Rxf1 25. Bxf1 d5 26. Qf2 g6 27. h4 Qf8 28. Qxf8+ Nxf8 29. Ba7 dxe4 30. Bb8 ({RR} 30. Nxe4) 30... Nfe6 31. Nxe4 h6 32. Bc4 hxg5 33. hxg5 Kg7 34. Kd3 Kf8 {½-½ Radjabov,T (2726)-Vachier Lagrave,M (2757) Tashkent FIDE GP 2014 (3)}) ({RR} 20. Ng3 Nc7 21. Bc4 Qa8 22. g6 Rc8 23. gxh7 Nf6 24. Qg2 Ne6 25. h3 d5 26. exd5 Bc5 27. Nf5 Bxe3+ 28. Nxe3 Nf4 29. Qf3 Nd3+ 30. Rxd3 e4 31. Qf5 Ra1+ 32. Kd2 Rxh1 33. Rd4 Rf8 34. Kc2 Qa7 {0-1 HiarcsX-Zacks,N (2466) PAL/CSS Freestyle op 2nd rapid 2006 (1)}) 20... Ra1+ 21. Kc2 d5 22. Qb7 Rxd1 23. Rxd1 Nc7 24. Bxd7 Qxd7 25. Rxd5 Nxd5 26. Qxd7 Nxe3+ 27. Kc1 Bxg5 28. Kb1 h6 29. Ng3 Rd8 30. Qe6 Rd1+ 31. Ka2 Rc1 32. Qxe5 Nc2 33. Qb8+ Kh7 34. b4 Ra1+ 35. Kb3 Nd4+ 36. Kc4 Nc6 37. Qf8 Ne5+ 38. Kd5 Bf6 39. Nh5 Rd1+ 40. Ke6 Rf1 41. b5 Ng6 42. Nxf6+ Rxf6+ 43. Qxf6 1-0

[Event "IV Niterói Chess Open 2024"]
[Site "Rio de Janeiro"]
[Date "2024.08.30"]
[Round "4"]
[Board "18"]
[White "Da Silva, Lucas Pereira Mendes"]
[Black "Martins De Aguiar, Marina"]
[Result "0-1"]
[WhiteElo "2088"]
[BlackElo "1929"]
[Annotator "Chessbase"]
[PlyCount "94"]
[EventDate "2024.08.28"]
[EventRounds "7"]
[EventCountry "BRA"]

1. e4 c5 2. Nf3 d6 3. d4 cxd4 4. Nxd4 Nf6 5. Nc3 a6 6. Rg1 h5 7. Bg5 Nbd7 ({RR} 7... b5 8. a3 Bb7 9. Bxf6 gxf6 10. f4 Nc6 11. Nxc6 Bxc6 12. Qd4 e6 13. O-O-O Rb8 14. Nd5 exd5 15. exd5 Bb7 16. Re1+ Be7 17. Bd3 Kf8 18. g4 hxg4 19. f5 Rg8 20. Rxg4 Rxg4 21. Qxg4 Bxd5 22. Qd4 {½-½ Carlsen,M (2864)-Giri,A (2760) Miami FTX Crypto Cup rapid 2022 (1.2)}) 8. Qd2 b5 ({RR} 8... e6 9. h4 b5 10. f3 Bb7 11. Bd3 Be7 12. O-O-O Rc8 13. Kb1 Ne5 14. f4 Nxd3 15. cxd3 Ng4 16. Bxe7 Qxe7 17. Nf3 O-O 18. Ne2 d5 19. e5 d4 20. Nexd4 Rcd8 {0-1 Rey Martinez,J (2342)-Murzin,V (2635) 1st Jeddah Young Masters 2024 (5.1)}) 9. f3 $146 ({RR} 9. Bd3 Bb7 10. O-O-O Nc5 11. Rge1 e6 12. Nd5 Rc8 13. Kb1 Nxd3 14. Qxd3 exd5 15. exd5+ Kd7 16. a4 Qb6 17. axb5 Nxd5 18. c4 Nb4 19. Qb3 Qc5 20. bxa6 Bxa6 21. Qa4+ Kc7 22. Bd2 Rb8 23. Bxb4 {1-0 Iljiushenok,I (2554)-Makarian,R (2470) RUS-ch Rapid 2021 (5)}) ({RR} 9. O-O-O Bb7 10. f3 Rc8 11. Kb1 g6 12. Nd5 Bg7 13. Nxf6+ Nxf6 14. Be2 Qc7 15. h3 h4 16. Rc1 Nd7 17. Rgd1 Nb6 18. Qe1 e5 19. Nb3 d5 20. Bd3 dxe4 21. Bxe4 Nc4 22. Bxb7 Qxb7 23. Na5 Nxa5 {0-1 Fedoseev,V (2674)-Dardha,D (2610) Titled Tue 28th Mar Early 2023 (8)}) 9... g6 10. O-O-O Bg7 11. Be2 Bb7 12. Nb3 Rc8 13. Kb1 Qc7 14. Rc1 Ne5 15. Rge1 Nc4 16. Bxc4 bxc4 17. Nd4 Rb8 18. Rcd1 Qb6 19. Na4 Qc7 20. Nc3 Qb6 21. b3 Qc5 22. Qe3 cxb3 23. cxb3 Rc8 24. Na4 Qb4 25. Qd3 Nd7 26. Nc2 Qa5 27. Bd2 Qe5 28. f4 Qb5 29. Bc3 Bxc3 30. Nxc3 Qxd3 31. Rxd3 Nc5 32. Rde3 a5 33. Kb2 Ba6 34. Rd1 O-O 35. Nd4 Rfe8 36. Nd5 Kg7 37. g3 e6 38. Nc3 e5 39. Ndb5 exf4 40. gxf4 Bxb5 41. Nxb5 Nxe4 42. Rd5 Rc5 43. Red3 Re6 44. Nxd6 Rxd5 45. Rxd5 Rxd6 46. Rxa5 Rd2+ 47. Kc1 Rxh2 0-1